Çok Yaşasın Sayılar (Record no. 412)

000 -LEADER
fixed length control field 00435nam a22001697a 4500
008 - FIXED-LENGTH DATA ELEMENTS--GENERAL INFORMATION
fixed length control field 170407b xxu||||| |||| 00| p tur d
020 ## - INTERNATIONAL STANDARD BOOK NUMBER
International Standard Book Number 9754185336
041 ## - LANGUAGE CODE
Language code of text/sound track or separate title Türkçe
050 ## - LIBRARY OF CONGRESS CALL NUMBER
Classification number PL234.B457
100 ## - MAIN ENTRY--PERSONAL NAME
Personal name Berk, İlhan
9 (RLIN) 349
245 ## - TITLE STATEMENT
Title Çok Yaşasın Sayılar
Statement of responsibility, etc. İlhan Berk
250 ## - EDITION STATEMENT
Edition statement 1. baskı
260 ## - PUBLICATION, DISTRIBUTION, ETC.
Place of publication, distribution, etc. İstanbul
Name of publisher, distributor, etc. Adam Yayınları
Date of publication, distribution, etc. Eylül 1998
300 ## - PHYSICAL DESCRIPTION
Extent 95 sayfa
650 #0 - SUBJECT ADDED ENTRY--TOPICAL TERM
9 (RLIN) 145
Topical term or geographic name entry element Türk Edebiyatı
942 ## - ADDED ENTRY ELEMENTS (KOHA)
Source of classification or shelving scheme
Koha item type Books
Holdings
Withdrawn status Lost status Source of classification or shelving scheme Damaged status Not for loan Permanent Location Current Location Shelving location Date acquired Full call number Barcode Date last seen Price effective from Koha item type
        Ödünç verilemez İmren Ahmet Tüzün Kütüphanesi İmren Ahmet Tüzün Kütüphanesi Ahmet Tüzün 2017-06-20 PL234.B457 100100000406 2017-06-20 2017-06-20 Books

This software was implemented, installed and managed by Devinim Software Training Consulting .